|
|
|
|
| LEADER |
00000nam0a2200000 4500 |
| 001 |
71506 |
| 005 |
20231031082707.0 |
| 035 |
|
|
|a (RuTPU)RU\TPU\book\76138
|
| 090 |
|
|
|a 71506
|
| 100 |
|
|
|a 20041218d1977 km y0rusy50 ca
|
| 101 |
1 |
|
|a rus
|c eng
|
| 102 |
|
|
|a RU
|
| 105 |
|
|
|a a z 001zy
|
| 200 |
1 |
|
|a Поиски закономерностей в физическом мире
|e перевод с английского
|f К. Е. Шварц, Т. Гольдфарб
|g Под ред. Л. Л. Декабруна
|
| 210 |
|
|
|a Москва
|c Мир
|d 1977
|
| 215 |
|
|
|a 357 с.
|c ил.
|
| 300 |
|
|
|a Доп. тит. лист на англ.языке
|
| 320 |
|
|
|a Предметный указатель: с. 351-354.
|
| 610 |
1 |
|
|a физика
|
| 610 |
1 |
|
|a физические явления
|
| 610 |
1 |
|
|a физические законы
|
| 610 |
1 |
|
|a энергия
|
| 610 |
1 |
|
|a пространство
|
| 610 |
1 |
|
|a силы
|
| 610 |
1 |
|
|a атомы
|
| 610 |
1 |
|
|a молекулы
|
| 610 |
1 |
|
|a химические реакции
|
| 610 |
1 |
|
|a состояние вещества
|
| 610 |
1 |
|
|a лекции
|
| 610 |
1 |
|
|a задачи
|
| 610 |
1 |
|
|a практические работы
|
| 675 |
|
|
|a 530.1(07)
|v 3
|
| 700 |
|
1 |
|a Шварц
|b К. Е.
|g Клиффорд Е.
|
| 701 |
|
1 |
|a Гольдфарб
|b Т.
|
| 702 |
|
1 |
|a Декабрун
|b Л. Л.
|4 340
|
| 801 |
|
1 |
|a RU
|b 63413507
|c 20041218
|g PSBO
|
| 801 |
|
2 |
|a RU
|b 63413507
|c 20161101
|g PSBO
|
| 942 |
|
|
|c BK
|